000 00546nam a2200217Ia 4500
003 OSt
005 20230329104813.0
008 210423s2012 xx 000 0 und d
020 _a978-81-8094-135-1
040 _cAL
041 _aeng
082 _a660.6
_223
_bLOHT
100 _aLOHAR (Prakash S)
_979449
245 _aTextbook of biotechnology
260 _aChennai
_bMJP Publishers
_c2012
300 _axxv,747
_bHB
365 _b2400
_cINR
650 _aBiotechnology
_979450
906 _abiotechnology ; Textbook
942 _2ddc
_cBK
999 _c168835
_d168835